Dejiny Štátnej vedeckej knižnice v Banskej Bystrici /čiastová [i.e. čiastková] výskumná úloha MK 534-31-17-05-05/ : výskum dejín knižnej kultúry na Slovensku a realizácia Programu slovenskej národnej retrospektívnej bibliografie

Bibliographic Details
Main Author: Gažovičová-Tichá, Mária, 1920- (Author)
Format: Book
Language:Slovak
PhysicalDescription:1. zv. (rozličné str.) tab. 31 cm
Published: Banská Bystrica Štátna vedecká knižnica 1989
Edition:[1. vyd.]
Subjects:

MARC

LEADER 00000nam a2200000 a 4500
001 vtls001456273
003 SK-MaSNL
005 20260301104112.0
008 240318s1989 xo f 00000 slo
020 |q (viaz.) 
035 |a SNK000411580 
040 |a SNK  |b slo  |c SNK  |e AACR2 
041 0 |a slo 
044 |a xo  |c SK 
072 7 |a 027  |x Univerzálne knižnice. Verejné knižnice  |2 konspekt 
080 |a 027.021  |2 2001 
080 |a 930.85:08/09  |2 2001 
080 |a (047)  |2 2001 
100 1 |a Gažovičová-Tichá, Mária,  |d 1920-  |4 aut  |9 9647 
245 1 0 |a Dejiny Štátnej vedeckej knižnice v Banskej Bystrici  |b /čiastová [i.e. čiastková] výskumná úloha MK 534-31-17-05-05/ : výskum dejín knižnej kultúry na Slovensku a realizácia Programu slovenskej národnej retrospektívnej bibliografie  |c autor správy Mária Gažovičová - Tichá 
246 3 0 |a Výskum dejín knižnej kultúry na Slovensku a realizácia Programu slovenskej národnej retrospektívnej bibliografie 
246 1 4 |a Dejiny ŠVK Banská Bystrica 
246 3 |a /čiastková výskumná úloha MK 534-31-17-05-05/ 
250 |a [1. vyd.] 
260 |a Banská Bystrica  |b Štátna vedecká knižnica  |c 1989 
300 |a 1. zv. (rozličné str.)  |b tab.  |c 31 cm 
610 2 7 |a Štátna vedecká knižnica v Banskej Bystrici  |2 SNKKA  |9 224469 
650 0 7 |a vedecké knižnice  |x dejiny  |2 SNKPH  |9 442307 
650 0 7 |a knižná kultúra  |2 SNKPH  |9 31235 
651 7 |a Banská Bystrica (Slovensko)  |2 SNKPH  |9 22015 
655 7 |a správy  |2 SNKPH  |9 70563 
958 |a OND 
999 |c 697253  |d 699183 
952 |t  snkBBA 027.021  |a SNKUST  |b SNKUST  |y PREZ  |7 0  |p 17A0329305  |o snkSB 79888  |i snk2010/16483  |8 5  |0 0  |1 0  |4 0  |d 2003-07-08  |l 0  |r 2025-05-28 00:00:00  |w 2026-02-23